Old West gunfights - Statistics

General Stats
  • This quiz has been taken 13 times
  • The average score is 3 of 13
Answer Stats
Gunfight Happened in... Extra hint % Correct
Gunfight at the O.K. Corral Tombstone Arizona Territory
73%
Long Branch Saloon Gunfight Dodge City Kansas
64%
Vaudeville Theater Ambush San Antonio Texas
55%
Four Dead in Five Seconds Gunfight El Paso Texas
45%
Wild Bill Hickok-Davis Tutt shootout Springfield Missouri
27%
Fairbank train robbery Fairbank Arizona Territory
18%
Shootout on Juneau Wharf Skagway (S...) District of Alaska
18%
Bellevue War Bellevue Iowa Territory
9%
Luke Short-Jim Courtright Gunfight Fort Worth Texas
9%
Battleground Gunfight Fort Apache Indian Reservation AZ
0%
Variety Hall Shootout Las Vegas New Mexico Territory
0%
Gunfight at Hide Park Newton Kansas
0%
Skeleton Canyon Shoothout Nogales (No...) Arizona Territory
0%
No matching quizzes found
Score Distribution
Percent of People with Each Score
Percentile by Number Answered
Your Score History
You have not taken this quiz